000 00675nam a2200205Ia 4500
003 GCL
008 140319s9999 xx 000 0 ara d
020 _a6691901977
040 _aGCL /
_cGCL
082 0 4 _a810.9
_bا م
100 1 _aاحمد عبدالمعطى حجازى
245 1 0 _aمدينة النور /
_cاحمد عبدالمعطى حجازى
260 _aالقاهرة :
_bالهيئة المصرية العامة للكتاب ،
_c2000
300 _a207 ص ؛
_c18 سم
490 _aمكتبة الاسرة
_v0
650 0 4 _aالادب العربى
650 0 4 _aالادب
650 0 4 _aالادب العربى - تاريخ ونقد
942 _2ddc
_cBK
999 _c41549
_d41549